Open Data Biblioteca Nacional de Portugal


República Portuguesa: Ministério da Cultura
Biblioteca Nacional de Portugal

Catálogo da BNP: acesso por Identificadores Unívocos
Registos Bibliográficos associados ao registo de autoridade

Etiqueta de registo: 00689cam 02200205 04500
001 9167
003 http://id.bnportugal.gov.pt/bib/catbnp/9167
005 19981111020400.0
095 ## $aPTBN00009409
100 ## $a19801001d1980 m a0pora0103 ba
101 0# $apor
102 ## $aPT
200 1# $aDiversificação de horários de trabalho e/ou de funcionamento de estabelecimentos$epoupança de energia$fGrupo de Trabalho Interministerial [constituído por] Ministério do Trabalho... [et al.]
210 #9 $aLisboa$cM.T.,$d1980
215 ## $a[186] p.$cil.$d30 cm
225 2# $aTextos$v81
675 ## $a331$vmed$zpor$3288026
711 01 $aPortugal.$bMinistério do Trabalho$4070$31431425
801 #0 $aPT$bBN$gRPC
966 ## $lBN$mFGREV$sP.P. 14726 V.
997 ## $aBIBEOD
998 ## $aFSE17 - 00087

Etiqueta de registo: 00000nas 2200025 450
001 1862556
003 http://id.bnportugal.gov.pt/bib/catbnp/1862556
100 ## $a20140127b19221922km a0pory01030103ba
101 0# $apor
102 ## $aPT
106 ## $ar
110 ## $aakazz 0uu0
200 1# $aOrçamento e respectivo desenvolvimento da despesa para o ano económico de...$fMinistério do Trabalho
207 #0 $a1922/1923 (1922)
210 #9 $aLisboa$cImprensa Nacional,$d1922
215 ## $d33 cm
326 ## $aAnual
620 ## $dLisboa
675 ## $a354.07(469)"192"(05)$vBN$zpor$31561832
675 ## $a331(469)$vBN$zpor$3325350
712 01 $aPortugal.$bMinistério do Trabalho$4650$31431425
801 #0 $aPT$bBN$gRPC
966 ## $lBN$mFGREV$sP.P. 5398 A.$x3

Etiqueta de registo: 00000nam 2200025 450
001 1823191
003 http://id.bnportugal.gov.pt/bib/catbnp/1823191
100 ## $a20121112d1976 m a0pory01030103ba
101 0# $apor
102 ## $aPT
105 ## $ay z 000yy
106 ## $ar
200 1# $aComunicação sobre legislação de trabalho$fMinistério do Trabalho$ged. Direcção-Geral da Divulgação
210 #9 $aLisboa$cDirecção-Geral da Divulgação,$d1976
215 ## $a18, [2] p.$d21 cm
675 ## $a331.1/.3(469)"1976"(042)$vBN$zpor$31581839
710 01 $aPortugal.$bMinistério do Trabalho$31431425
712 01 $aPortugal.$bDirecção Geral da Divulgação$4340$313973
801 #0 $aPT$bBN$gRPC
966 ## $lBN$mFGMON$sS.N.I. 2295$x6
966 ## $lBN$mFGMON$sS.N.I. 2296$x6
997 ## $aBIBEOD

Etiqueta de registo: 00254nkm 2200109 450
001 1935875
003 http://id.bnportugal.gov.pt/bib/catbnp/1935875
100 ## $a20160706d1983 am a0pory01030103ba
101 0# $apor
102 ## $aPT
200 1# $a1º Encontro técnico sobre emprego e formação profissional$bVisual gráfico]$fMinistério do Trabalho, Ministério dos Negócios Estrangeiros
210 #9 $aLisboa$cMinistério do Trabalho, Ministério dos Negócios Estrangeiros$d1983
215 ## $a1 cartaz$ccolor.$d42x30 cm
330 ## $aDesenho de diversas bandeiras de vários países
675 ## $a331.5(084.5)$vBN$zpor$3447736
675 ## $a061.3(469)"198"(084.5)$vBN$zpor$31640361
675 ## $a766(=1:469)"198"(084.5)$vBN$zpor$31302430
710 12 $aEncontro Técnico sobre Emprego e Formação Profissional,$d1,$eLisboa,$f1983$31094199
712 01 $aPortugal.$bMinistério do Trabalho$4557$31431425
712 01 $aPortugal.$bMinistério dos Negócios Estrangeiros$4557$3284068
801 #0 $aPT$bBN$gRPC
966 ## $lBN$mICONOG$pFrancisco Madeira Luís$sCT. 7889 V.$x3
997 ## $aBIBEOD

Etiqueta de registo: 00000nkm 2200025 450
001 2271974
003 http://id.bnportugal.gov.pt/bib/catbnp/2271974
100 ## $a20260225d1983 m y0pory01030103ba
101 0# $apor
102 ## $aPT
200 1# $aPequeno gesto, grande acidente$bVisual gráfico]$fDirecção-Geral de Higiene e Segurança do Trabalho, Ministério do Trabalho$gManuel Marques
210 #9 $a[Lisboa]$cDirecção-Geral de Higiene e Segurança do Trabalho,$d1983$e[S.l.] :$gOficinas Gráficas - SICT-MT)
215 ## $a1 cartaz$ccolor.$d42x29 cm
317 ## $aColeção Madeira Luís
702 #1 $aMarques,$bManuel$4410$31736442
710 01 $aPortugal.$bMinistério do Emprego e da Segurança Social.$bDirecção Geral de Higiene e Segurança do Trabalho$3205459
711 01 $aPortugal.$bMinistério do Trabalho$31431425
801 #0 $aPT$bBN$gRPC
966 ## $lBN$mICONOG$sCT. 14919 V.$x3
971 ## $cCaticonografia1$d20260225
995 ## $aPRR2026 $d20260225$iCaticonografia1

Etiqueta de registo: 00000nkm 2200025 450
001 2271965
003 http://id.bnportugal.gov.pt/bib/catbnp/2271965
100 ## $a20260225d1983 m y0pory01030103ba
101 0# $apor
102 ## $aPT
200 1# $aNão "jogue" a sua saúde$bVisual gráfico]$fDirecção-Geral de Higiene e Segurança do Trabalho, Ministério do Trabalho$gShell Portuguesa, SARL$gDiogo Ponces
210 #9 $a[Lisboa]$cDirecção-Geral de Higiene e Segurança do Trabalho,$d1983$e[S.l.] :$gOficinas Gráficas - SICT-MT)
215 ## $a1 cartaz$ccolor.$d42x28,8 cm
317 ## $aColeção Madeira Luís
702 #1 $aPonces,$bDiogo$4410$31987490
710 01 $aPortugal.$bMinistério do Emprego e da Segurança Social.$bDirecção Geral de Higiene e Segurança do Trabalho$3205459
711 01 $aPortugal.$bMinistério do Trabalho$31431425
712 02 $aShell$c(Portugal)$31664801
801 #0 $aPT$bBN$gRPC
966 ## $lBN$mICONOG$sCT. 14918 V.$x3
971 ## $cCaticonografia1$d20260225
995 ## $aPRR2026 $d20260225$iCaticonografia1

Etiqueta de registo: 00000nkm 2200025 450
001 2271924
003 http://id.bnportugal.gov.pt/bib/catbnp/2271924
100 ## $a20260225d1983 m y0pory01030103ba
101 0# $apor
102 ## $aPT
200 1# $aZona protegida, audição garantida$bVisual gráfico]$fDirecção-Geral de Higiene e Segurança do Trabalho, Ministério do Trabalho$gPetroquímica e Gás de Portugal, E.P.$gAlberto Dias
210 #9 $a[Lisboa]$cDirecção-Geral de Higiene e Segurança do Trabalho,$d1983$e[S.l.] :$gOficinas Gráficas - SICT-MT)
215 ## $a1 cartaz$ccolor.$d42x28,8 cm
317 ## $aColeção Madeira Luís
702 #1 $aDias,$bAlberto$31279665
710 01 $aPortugal.$bMinistério do Emprego e da Segurança Social.$bDirecção Geral de Higiene e Segurança do Trabalho$3205459
711 01 $aPortugal.$bMinistério do Trabalho$31431425
712 01 $aPortugal.$bPetroquímica e Gás de Portugal$313808
801 #0 $aPT$bBN$gRPC
966 ## $lBN$mICONOG$sCT. 14917 V.$x3
971 ## $cCaticonografia1$d20260225
995 ## $aPRR2026 $d20260225$iCaticonografia1

Etiqueta de registo: 00000nkm 2200025 450
001 2271890
003 http://id.bnportugal.gov.pt/bib/catbnp/2271890
100 ## $a20260225f19741983m y0pory01030103ba
101 0# $apor
102 ## $aPT
200 1# $aO acidente também está na tua oficina$bVisual gráfico]$fDirecção-Geral de Higiene e Segurança do Trabalho, Ministério do Trabalho
210 #9 $a[Lisboa]$cDirecção-Geral de Higiene e Segurança do Trabalho, Ministério do Trabalho,$d[entre 1974 1983]
215 ## $a1 cartaz$ccolor.$d42x28,7 cm
306 ## $aDatação atribuída em conformidade com as designações institucionais
317 ## $aColeção Madeira Luís
710 01 $aPortugal.$bMinistério do Emprego e da Segurança Social.$bDirecção Geral de Higiene e Segurança do Trabalho$3205459
711 01 $aPortugal.$bMinistério do Trabalho$31431425
801 #0 $aPT$bBN$gRPC
966 ## $lBN$mICONOG$sCT. 14916 V.$x3
971 ## $cCaticonografia1$d20260225
995 ## $aPRR2026 $d20260225$iCaticonografia1

Etiqueta de registo: 00000nkm 2200025 450
001 2271880
003 http://id.bnportugal.gov.pt/bib/catbnp/2271880
100 ## $a20260225f19741983m y0pory01030103ba
101 0# $apor
102 ## $aPT
200 1# $aSegure bem a força do seu tractor$bVisual gráfico]$fDirecção-Geral de Higiene e Segurança do Trabalho, Ministério do Trabalho
210 #9 $a[Lisboa]$cDirecção-Geral de Higiene e Segurança do Trabalho,$d[entre 1974 e 1983]
215 ## $a1 cartaz$ccolor.$d42x28,8 cm
306 ## $aDatação atribuída em conformidade com as designações institucionais
317 ## $aColeção Madeira Luís
710 01 $aPortugal.$bMinistério do Emprego e da Segurança Social.$bDirecção Geral de Higiene e Segurança do Trabalho$3205459
711 01 $aPortugal.$bMinistério do Trabalho$31431425
801 #0 $aPT$bBN$gRPC
966 ## $lBN$mICONOG$sCT. 14915 V.$x3
971 ## $cCaticonografia1$d20260225
995 ## $aPRR2026 $d20260225$iCaticonografia1

Etiqueta de registo: 00000nkm 2200025 450
001 2271869
003 http://id.bnportugal.gov.pt/bib/catbnp/2271869
100 ## $a20260225f19741983m y0pory01030103ba
101 0# $apor
102 ## $aPT
200 1# $aProibido fumar$bVisual gráfico]$fDirecção-Geral de Higiene e Segurança do Trabalho, Ministério do Trabalho
210 #9 $a[Lisboa]$cDirecção-Geral de Higiene e Segurança do Trabalho,$d[entre 1974 e 1983]
215 ## $a1 cartaz$ccolor.$d42x28,8 cm
306 ## $aDatação atribuída em conformidade com as designações institucionais
317 ## $aColeção Madeira Luís
330 ## $aReprodução autorizada pelo Institut National de Recherche et de Sécurité (França)
710 01 $aPortugal.$bMinistério do Emprego e da Segurança Social.$bDirecção Geral de Higiene e Segurança do Trabalho$3205459
711 01 $aPortugal.$bMinistério do Trabalho$31431425
801 #0 $aPT$bBN$gRPC
966 ## $lBN$mICONOG$sCT. 14914 V.$x3
971 ## $cCaticonografia1$d20260225
995 ## $aPRR2026 $d20260225$iCaticonografia1

Etiqueta de registo: 00000nkm 2200025 450
001 2271867
003 http://id.bnportugal.gov.pt/bib/catbnp/2271867
100 ## $a20260225f19741983m y0pory01030103ba
101 0# $apor
102 ## $aPT
200 1# $aQue fazer para o salvar? Tirar o curso de socorrismo do trabalho$bVisual gráfico]$fDirecção-Geral de Higiene e Segurança do Trabalho, Ministério do Trabalho
210 #9 $a[Lisboa]$cDirecção-Geral de Higiene e Segurança do Trabalho,$d[entre 1974 e 1983]
215 ## $a1 cartaz$ccolor.$d42x28,7 cm
306 ## $aDatação atribuída em conformidade com as designações institucionais
317 ## $aColeção Madeira Luís
330 ## $aReprodução autorizada pelo Institut National de Recherche et de Sécurité (França)
710 01 $aPortugal.$bMinistério do Emprego e da Segurança Social.$bDirecção Geral de Higiene e Segurança do Trabalho$3205459
711 01 $aPortugal.$bMinistério do Trabalho$31431425
801 #0 $aPT$bBN$gRPC
966 ## $lBN$mICONOG$sCT. 14913 V.$x3
971 ## $cCaticonografia1$d20260225
995 ## $aPRR2026 $d20260225$iCaticonografia1

Etiqueta de registo: 00000nkm 2200025 450
001 2271797
003 http://id.bnportugal.gov.pt/bib/catbnp/2271797
100 ## $a20260225f19741983m y0pory01030103ba
101 0# $apor
102 ## $aPT
200 1# $aO mínimo ferimento deve ser tratado imediatamente, Direcção de Serviços de Prevenção de Riscos Profissionais$bVisual gráfico]$fDirecção de Serviços de Prevenção de Riscos Profissionais
210 #9 $a[Lisboa]$cDirecção de Serviços de Prevenção de Riscos Profissionais,$d[entre 1974 e 1983]
215 ## $a1 cartaz$ccolor.$d41,9x30 cm
306 ## $aDatação atribuída em conformidade com as designações institucionais
317 ## $aColeção Madeira Luís
710 01 $aPortugal.$bMinistério do Trabalho.$bDirecção de Serviços de Prevenção de Riscos Profissionais$31093179
711 01 $aPortugal.$bMinistério do Trabalho$31431425
801 #0 $aPT$bBN$gRPC
966 ## $lBN$mICONOG$sCT. 14906 V.$x3
971 ## $cCaticonografia1$d20260225
995 ## $aPRR2026 $d20260225$iCaticonografia1

Etiqueta de registo: 00000nkm 2200025 450
001 2271754
003 http://id.bnportugal.gov.pt/bib/catbnp/2271754
100 ## $a20260225f19741983m y0pory01030103ba
101 0# $apor
102 ## $aPT
200 1# $aEntra com álcool... Sai com acidente, Direcção-Geral de Higiene e Segurança do Trabalho$bVisual gráfico]$fDirecção-Geral de Higiene e Segurança do Trabalho
210 #9 $a[Lisboa]$cDirecção-Geral de Higiene e Segurança do Trabalho,$d[entre 1974 e 1983]$e[S.l.]$gOficinas Gráficas-SICT/MT
215 ## $a1 cartaz$ccolor.$d42,1x30,3 cm
306 ## $aDatação atribuída em conformidade com as designações institucionais
317 ## $aColeção Madeira Luís
710 01 $aPortugal.$bMinistério do Emprego e da Segurança Social.$bDirecção Geral de Higiene e Segurança do Trabalho$3205459
711 01 $aPortugal.$bMinistério do Trabalho$31431425
801 #0 $aPT$bBN$gRPC
966 ## $lBN$mICONOG$sCT. 14900 V.$x3
971 ## $cCaticonografia1$d20260225
995 ## $aPRR2026 $d20260225$iCaticonografia1

Etiqueta de registo: 00000nkm 2200025 450
001 2271725
003 http://id.bnportugal.gov.pt/bib/catbnp/2271725
100 ## $a20260225f19741983m y0pory01030103ba
101 0# $apor
102 ## $aPT
200 1# $aInimigos do trabalho, poeiras, Direcção-Geral de Higiene e Segurança do Trabalho$bVisual gráfico]$fDirecção-Geral de Higiene e Segurança do Trabalho
210 #9 $a[Lisboa]$cDirecção-Geral de Higiene e Segurança do Trabalho,$d[entre 1974 e 1983]
215 ## $a1 cartaz$ccolor.$d42,1x28,7 cm
306 ## $aDatação atribuída em conformidade com as as designações institucionais
317 ## $aColeção Madeira Luís
710 01 $aPortugal.$bMinistério do Emprego e da Segurança Social.$bDirecção Geral de Higiene e Segurança do Trabalho$3205459
711 01 $aPortugal.$bMinistério do Trabalho$31431425
801 #0 $aPT$bBN$gRPC
966 ## $lBN$mICONOG$sCT. 14896 V.$x3
971 ## $cCaticonografia1$d20260225
995 ## $aPRR2026 $d20260225$iCaticonografia1

Etiqueta de registo: 00000nkm 2200025 450
001 2271696
003 http://id.bnportugal.gov.pt/bib/catbnp/2271696
100 ## $a20260225f19741983m y0pory01030103ba
101 0# $apor
102 ## $aPT
200 1# $aAtenção, peça móvel, Direcção-Geral de Higiene e Segurança do Trabalho$bVisual gráfico]$fDirecção-Geral de Higiene e Segurança do Trabalho
210 #9 $a[Lisboa]$cDirecção-Geral de Higiene e Segurança do Trabalho,$d[entre 1974 e 1983]$e[S.l.]$gOficinas Gráficas-SICT/MT
215 ## $a1 cartaz$ccolor.$d42,1x29 cm
306 ## $aDatação atribuída em conformidade com as designações institucionais
317 ## $aColeção Madeira Luís
330 ## $aCartaz é uma "Reprodução autorizada pelo INRS (França)
710 01 $aPortugal.$bMinistério do Emprego e da Segurança Social.$bDirecção Geral de Higiene e Segurança do Trabalho$3205459
711 01 $aPortugal.$bMinistério do Trabalho$31431425
801 #0 $aPT$bBN$gRPC
966 ## $lBN$mICONOG$sCT. 14892 V.$x3
971 ## $cCaticonografia1$d20260225
995 ## $aPRR2026 $d20260225$iCaticonografia1

Etiqueta de registo: 00000nkm 2200025 450
001 2271693
003 http://id.bnportugal.gov.pt/bib/catbnp/2271693
100 ## $a20260225f19741983m y0pory01030103ba
101 0# $apor
102 ## $aPT
200 1# $a[+] álcool [=] [-] segurança, Direcção-Geral de Higiene e Segurança do Trabalho$bVisual gráfico]$fDirecção-Geral de Higiene e Segurança do Trabalho
210 #9 $a[Lisboa]$cDirecção-Geral de Higiene e Segurança do Trabalho,$d[entre 1974 e 1983]
215 ## $a1 cartaz$ccolor.$d42,1x29 cm
306 ## $aDatação atribuída em conformidade com as características formais do documento
317 ## $aColeção Madeira Luís
710 01 $aPortugal.$bMinistério do Emprego e da Segurança Social.$bDirecção Geral de Higiene e Segurança do Trabalho$3205459
711 01 $aPortugal.$bMinistério do Trabalho$31431425
801 #0 $aPT$bBN$gRPC
966 ## $lBN$mICONOG$sCT. 14891 V.$x3
971 ## $cCaticonografia1$d20260225
995 ## $aPRR2026 $d20260225$iCaticonografia1

Etiqueta de registo: 00000nkm 2200025 450
001 2271683
003 http://id.bnportugal.gov.pt/bib/catbnp/2271683
100 ## $a20260225f198- m y0pory01030103ba
101 0# $apor
102 ## $aPT
200 1# $aPerigo, explosão, Direcção-Geral de Higiene e Segurança do Trabalho$bVisual gráfico]$fDirecção-Geral de Higiene e Segurança do Trabalho
210 #9 $a[Lisboa]$cDirecção-Geral de Higiene e Segurança do Trabalho,$d[198-?]
215 ## $a1 cartaz$ccolor.$d42,1x29 cm
306 ## $aDatação atribuída em conformidade com as características formais do documento
317 ## $aColeção Madeira Luís
710 01 $aPortugal.$bMinistério do Emprego e da Segurança Social.$bDirecção Geral de Higiene e Segurança do Trabalho$3205459
711 01 $aPortugal.$bMinistério do Trabalho$31431425
801 #0 $aPT$bBN$gRPC
966 ## $lBN$mICONOG$sCT. 14889 V.$x3
971 ## $cCaticonografia1$d20260225
995 ## $aPRR2026 $d20260225$iCaticonografia1

Etiqueta de registo: 00000nam 2200025 450
001 2051748
003 http://id.bnportugal.gov.pt/bib/catbnp/2051748
200 1# $aNão quero brincar aos acidentes ...
210 #9 $aLisboa$cDirecção-Geral de Higiene e Segurança do Trabalho - Ministério do Trabalho,$d20--
215 ## $a1 cartaz $ccolor.$d42x28,5
317 ## $aColeção Madeira Luís$5PTBN: CT. 15825 V.
710 01 $aDirecção-Geral de Higiene e Segurança do Trabalho$31989738
711 01 $aPortugal.$bMinistério do Trabalho$31431425
801 #0 $aPT$bBN$gRPC
966 ## $lBN$mICONOG
966 ## $lBN$mICONOG$sCT. 15825 V.$x3

Etiqueta de registo: 00000nkm 2200025 450
001 2281353
003 http://id.bnportugal.gov.pt/bib/catbnp/2281353
100 ## $a20260318d1982 m y0pory01030103ba
101 0# $apor
102 ## $aPT
200 1# $aSeminário Estatísticas do Trabalho, LNEC, Lisboa, 9 a 11 dezembro 1982$bVisual gráfico]$fMinistério do Trabalho
210 #9 $a[Lisboa]$cMinistério do Trabalho,$d1982$e[S.l.] :$gSICT/MT)
215 ## $a1 cartaz$ccolor.$d42x30,5 cm
317 ## $aColeção Madeira Luís
710 01 $aPortugal.$bMinistério do Trabalho$31431425
801 #0 $aPT$bBN$gRPC
966 ## $lBN$mICONOG$sCT. 16412 V.$x3
971 ## $cCaticonografia6$d20260318
995 ## $aPRR2026

OpendataBNP@bnportugal.pt | Mais informação sobre acesso aos dados BNP